Human rights and the Indian police (Record no. 517175)

000 -LEADER
fixed length control field 00350nam a2200121 4500
082 ## - DEWEY DECIMAL CLASSIFICATION NUMBER
Classification number TNC C41x54 K897
100 ## - MAIN ENTRY--PERSONAL NAME
Personal name Krishnamurthy, K.
9 (RLIN) 24592
245 ## - TITLE STATEMENT
Title Human rights and the Indian police
260 ## - PUBLICATION, DISTRIBUTION, ETC. (IMPRINT)
Place of publication, distribution, etc Bangalore
Name of publisher, distributor, etc R.R. Publication
Date of publication, distribution, etc 1996
300 ## - PHYSICAL DESCRIPTION
Extent 380p
650 ## - SUBJECT ADDED ENTRY--TOPICAL TERM
Topical term or geographic name as entry element Civil rights - India
9 (RLIN) 24593
650 ## - SUBJECT ADDED ENTRY--TOPICAL TERM
Topical term or geographic name as entry element Police brutality - India
9 (RLIN) 24594
Holdings
Withdrawn status Lost status Source of classification or shelving scheme Damaged status Koha normalized classification for sorting Not for loan Permanent location Current location Date acquired Full call number Barcode Date last seen Price effective from Koha item type
        TNC_C41X54_K897   Indian Institute of Public Administration Indian Institute of Public Administration 2021-07-05 TNC C41x54 K897 GR22689 2021-07-05 2021-07-05 GR

Powered by Koha